Návrh metodiky riadenia osobnej kariéry zamestnancov vo vybranom podniku = Proposal of personal career management methodology of employees in chosen company : Diplomová práca

Salvato in:
Dettagli Bibliografici
Autore principale: Hajdoni, Patrik (Autore)
Altri autori: Čambálová, Iveta, 1968- (xxx)
Natura: Manoscritto Libro
Lingua:slovacco
Pubblicazione: Trnava : STU v Bratislave MTF UPMK, 2009
Soggetti:
Tags: Aggiungi Tag
Nessun Tag, puoi essere il primo ad aggiungerne!!

MARC

LEADER 00000ntm a22000003a 4500
001 stu180687
005 20160719154440.1
008 090226s2009----xo------------------slo-d
040 |a STU  |b slo 
041 0 |a slo 
044 |a xo 
100 1 |a Hajdoni, Patrik  |4 aut 
245 1 |a Návrh metodiky riadenia osobnej kariéry zamestnancov vo vybranom podniku = Proposal of personal career management methodology of employees in chosen company :  |b Diplomová práca 
260 |a Trnava :  |b STU v Bratislave MTF UPMK,  |c 2009 
300 |a 86 s  |c príl (1 CD-ROM) 
500 |a Študijný odbor: 5.2.52 priemyselné inžinierstvo 
500 |a Študijný program: priemyselné manažérstvo 
650 7 |a osobná kariéra  |2 stusub 
700 1 |a Čambálová, Iveta,  |d 1968-  |4 xxx  |X 54004  |7 A000054004 
996 |b 284M069780  |c M*DP-7593  |l MMSKP  |s P  |a 0  |w stu180687_0001